A segunda vida de Francisco de Assis /

Uloženo v:
Podrobná bibliografie
Hlavní autor: Saramago, José (autor)
Médium: Kniha
Jazyk:portugalština
Vydáno: Oporto, Portugal : Porto Editora, 2018, c2018
Témata:
Tagy: Přidat tag
Žádné tagy, Buďte první, kdo vytvoří štítek k tomuto záznamu!

MARC

LEADER 00000nam^a2200000^a^4500
001 000410654
005 20250521000000.0
009 20260310122053.318
020 |a 978-972-0-03043-6 
037 |a Acervo ITESO - Biblioteca 
041 |a POR 
082 |a 869.  |b SAR 
100 |a Saramago, José  |e (autor) 
240 1 4 |a [La segunda vida de Francisco de Asís] 
245 1 2 |a A segunda vida de Francisco de Assis /  |c J. Saramago. 
264 4 |a Oporto, Portugal :  |b Porto Editora,  |c 2018, c2018 
300 |a 140 p. 
336 |a texto  |b txt  |2 rdacontenido 
337 |a sin mediación  |b n  |2 rdamedio 
338 |a volumen  |b nc  |2 rdasoporte 
521 |a FIL 2018 DIA 
545 0 |a José Saramago (Azinhaga, Portugal, 1922 – Lanzarote, España, 2010), escritor portugués, considerado uno de los narradores más relevantes de fines del siglo XX e inicios del XXI. Fue periodista y miembro del Partido Comunista Portugués (PCP), sufrió censura y persecución durante los años de la dictadura militar de António de Oliveira Salazar y se sumó a la llamada Revolución de los Claveles que llevó la democracia a Portugal en 1974. Su obra, anclada en la realidad de su país, trasciende al mismo para ofrecer por medio de la ironía y la ficción una conciencia social. La novela Tierra de pecado (1947) marcó el inicio de su carrera literaria, que la abandonó hasta publicar Manual de pintura y caligrafía (1977), aunque poco antes ya había reunido más de un centenar de sus crónicas en los volúmenes De este mundo y del otro (1971) y El equipaje del viajero (1973). Levantado del suelo (1980); Memorial del convento (1982); El año de la muerte de Ricardo Reis (1984); El Evangelio según Jesucristo (1991), cuya publicación causó polémica en los sectores católicos y en el gobierno portugués; Ensayo sobre la ceguera (1995), quizás su creación más difundida y celebrada; La caverna (2000); El hombre duplicado (2002); Ensayo sobre la lucidez (2004); El viaje del elefante (2008) y Caín (2009), se cuentan entre sus novelas. Recibió los premios Camões (1995), el más importante en lengua portuguesa, y Nobel de Literatura (1998). 
586 |a Premio Camões 1995 
586 |a Premio Nobel de Literatura 1998 
649 |a XX 
650 |a Santos en la Literatura 
650 |a Franciscanos en la Literatura 
650 |a Religiosos en la Literatura 
650 |a Teatro Portugués 
650 |a Religión y Literatura -  |z Portugal 
650 |a Literatura Portuguesa -  |y Siglo XX 
650 |a Vida Monástica y Religiosa 
650 |a Vida Cristiana 
650 |a Cristianismo 
650 |a Francisco, de Asís,  |c Santo -  |x Tema Principal 
910 |a Fondo General 
920 |a Impresos - Libros 
930 |a Colección General 
940 |a Literatura 
905 |a 101 
901 |a 0500311377  |b IT1  |c LIT  |i C164152  |u 20250521 
902 |a https://opac.biblio.iteso.mx/vufind/Record/000410654